Flags to Languages - Hard Edition - Statistics

General Stats
  • This quiz has been taken 342 times
  • The average score is 12 of 15
Answer Stats
Picture Answer % Correct
Greek
99%
Hindi
93%
Estonian
91%
Bulgarian
89%
Armenian
87%
Indonesian
84%
Norwegian
84%
Tagalog
81%
Lithuanian
79%
Dzongkha
77%
Pashto
72%
Burmese
69%
Fijian
63%
Haitian Creole
58%
Tigrinya
30%
No matching quizzes found
Score Distribution
Percent of People with Each Score
Percentile by Number Answered
Your Score History
You have not taken this quiz